Luton Airport Express stations - Statistics

General Stats
  • This quiz has been taken 87 times
  • The average score is 6 of 7
Answer Stats
Answer % Correct
Luton
100%
Luton Airport Parkway ✈️
92%
Bedford
90%
London St Pancras International
88%
Corby
83%
Kettering
77%
Wellingborough
60%
No matching quizzes found
Score Distribution
Percent of People with Each Score
Percentile by Number Answered
Your Score History
You have not taken this quiz